| 000 | 00499nam a22001817a 4500 | ||
|---|---|---|---|
| 005 | 20251108171058.0 | ||
| 008 | 250721s1977 xx 000 0 ara d | ||
| 082 | 1 | 4 | _aط/ق/رشي |
| 100 | 1 | _aالذوادي، رشيد | |
| 245 | 1 | 0 | _aالحسن بن رشيق / |
| 264 | 1 |
_aتونس : _bمكتبة النجاح، _c1977. |
|
| 300 | _a39ص | ||
| 490 | 0 | _aعظماء بلادي | |
| 650 | 1 | 7 | _aأدب الأطفال |
| 650 | 1 | 7 | _aالقصص العربية |
| 942 |
_2ddc _cBK |
||
| 999 |
_c56046 _d56046 |
||